Siła robocza dostępna dla służby wojskowej - Statystyki

Ogólne statystyki
  • Ten quiz został rozwiązany 104 razy
  • Średni wynik to 34 z 50
Statystyki odpowiedzi
Osoby Kraj % Poprawnych
73 270 040 Stany Zjednoczone
100%
385 821 088 Chiny
99%
319 129 408 Indie
98%
34 765 736 Rosja
98%
9 531 855 Polska
94%
53 350 704 Brazylia
93%
14 563 362 Francja
92%
18 529 300 Niemcy
92%
8 031 266 Kanada
88%
6 515 279 Korea Północna
88%
13 865 688 Włochy
88%
13 185 794 Korea Południowa
86%
14 856 917 Wielka Brytania
86%
11 759 557 Hiszpania
85%
28 815 506 Meksyk
85%
10 038 967 Argentyna
83%
27 301 444 Japonia
83%
10 994 394 Ukraina
83%
23 621 216 Iran
82%
7 767 329 Irak
81%
21 079 076 Turcja
81%
21 012 200 Egipt
79%
48 453 304 Pakistan
77%
11 692 647 Kolumbia
74%
8 644 522 Arabia Saudyjska
73%
37 087 712 Nigeria
71%
13 439 781 Republika Południowej Afryki
71%
25 649 738 Wietnam
68%
65 847 172 Indonezja
67%
7 056 339 Afganistan
64%
10 273 129 Algieria
64%
7 385 588 Peru
64%
5 889 837 Syria
61%
7 013 854 Wenezuela
58%
10 433 973 Sudan
54%
8 252 682 Maroko
52%
17 689 920 Tajlandia
52%
36 520 492 Bangladesz
51%
19 067 500 Etiopia
51%
25 614 136 Filipiny
48%
17 747 845 Mjanma
46%
7 501 518 Malezja
42%
9 768 140 Kenia
40%
15 980 106 Demokratyczna Republika Konga
38%
6 183 567 Tajwan
36%
7 887 292 Uzbekistan
35%
9 985 445 Tanzania
33%
7 249 271 Uganda
33%
6 941 152 Nepal
29%
6 268 191 Ghana
25%
Nie znaleziono quizów pasujących do podanych kryteriów
Rozkład punktacji
Procent ludzi z każdym wynikiem
Percentyl według liczby udzielonych odpowiedzi
Twoja historia wyników
Nie rozwiązałeś tego quizu